00526nam a22001817a 450000500170000001000440001702000260006103500140008703500170010103700130011808200110013110000240014224500640016626000330023027000480026330000200031150000130033120180404124424.0 aENG-118268 B-690832-833 a9788184303650c250.00 aEN-101800 aB-690832-833 bDBAD/PUB a540.92 aMishra, Vinod Kumar aThe life and times of madame curie /cby Vinod Kumar Mishra aNew DelhibOcean Booksc2015 a4/19 Asaf Ali Road, New Delhi-110002, India a150pc22cm.(Hb) aBalidani